| 000 | 00000nam 2200000za 4500 |
| 001 | 9.699940 |
| 003 | CaOODSP |
| 005 | 20210625000617 |
| 007 | cr ||||||||||| |
| 008 | 150407s1946 onc|||||o f|0| 0 eng d |
| 040 | |aCaOODSP|beng |
| 043 | |an-cn--- |
| 086 | 1 |aCP32-121/1946E-PDF |
| 086 | 1 |aZ1-1946/4E-PDF |
| 245 | 00|aReport of the Royal Commission on Administrative Classifications in the Public Service |h[electronic resource] / |cW.L. Gordon, chairman ; E. de B. Panet, T.G. Gardiner, commissioners. |
| 260 | |a[Ottawa : |bPrivy Council Office], |c1946. |
| 300 | |a33 p. |
| 500 | |aHistorical publication digitized in 2012 by Privy Council Office of Canada. |
| 590 | |a15-04-Supp|b2015-03-19 |
| 690 | 07|aCommissions of inquiry|2gcpds |
| 690 | 07|aJob classification|2gcpds |
| 690 | 07|aPublic service|2gcpds |
| 710 | 1 |aCanada. |bPrivy Council Office. |
| 775 | 08|tRapport de la Commission chargée d'enquêter sur les classifications administratives du Service public |w(CaOODSP)9.643902 |
| 856 | 40|ahttp://publications.gc.ca|qPDF|s2.22 MB|uhttps://publications.gc.ca/collections/collection_2014/bcp-pco/CP32-121-1946-eng.pdf |